Skip to main content
Your cart is empty.
Your lists
Log in to create your own lists
Your cookies
العربية
English
العربية
Home
Search
Advanced search
Authority search
About
The noble scholar, jurist, historian
His Excellency Dr. Abdul Wahhab bin Ibrahim Abu Sulaiman, may Allah have mercy on him.
He was born in Umm Al-Qura in the year 1356 AH.
Library catalog
Title
Author
Subject
ISBN
ISSN
Series
Call number
Log in to your account
×
Login:
Password:
Home
MARC view: الأمر ودلالته على الأحكام /
Normal view
MARC view
ISBD view
الأمر ودلالته على الأحكام / (Record no. 13560)
[
view plain
]
MARC details
000 -LEADER
fixed length control field
01249ctm a22002771a 4500
003 - CONTROL NUMBER IDENTIFIER
control field
SA-RiAUC
005 - DATE AND TIME OF LATEST TRANSACTION
control field
20251216122602.0
007 - PHYSICAL DESCRIPTION FIXED FIELD--GENERAL INFORMATION
fixed length control field
co ug ---uuauu
008 - FIXED-LENGTH DATA ELEMENTS--GENERAL INFORMATION
fixed length control field
251208s1976 su fsbm 00000 ara c
040 ## - CATALOGING SOURCE
Original cataloging agency
SA-JeALM
Language of cataloging
ara
Transcribing agency
SA-RiAUC
Description conventions
rda
082 04 - DEWEY DECIMAL CLASSIFICATION NUMBER
Classification number
251.2
Assigning agency
SA-RiAUC
090 ## - LOCALLY ASSIGNED LC-TYPE CALL NUMBER (OCLC); LOCAL CALL NUMBER (RLIN)
Classification number (OCLC) (R) ; Classification number, CALL (RLIN) (NR)
ر 251.2
Local cutter number (OCLC) ; Book number/undivided call number, CALL (RLIN)
ج هـ ر
100 1# - MAIN ENTRY--PERSONAL NAME
Personal name
جهري، عبد الرحيم جمال الدين
245 12 - TITLE STATEMENT
Title
الأمر ودلالته على الأحكام /
Statement of responsibility, etc.
عبد الرحيم جمال الدين جهري ؛ إشراف عبد الوهاب إبراهيم أبو سليمان.
260 ## - PUBLICATION, DISTRIBUTION, ETC.
Date of publication, distribution, etc.
1976
264 ## - PRODUCTION, PUBLICATION, DISTRIBUTION, MANUFACTURE, AND COPYRIGHT NOTICE
Place of production, publication, distribution, manufacture
مكة المكرمة :
Name of producer, publisher, distributor, manufacturer
جامعة الملك عبدالعزيز
Date of production, publication, distribution, manufacture, or copyright notice
1976
300 ## - PHYSICAL DESCRIPTION
Extent
148ورقة؛
Dimensions
30 سم.
500 ## - GENERAL NOTE
General note
رسالة مقدمة لنيل درجة الماجستير
502 ## - DISSERTATION NOTE
Degree type
ماجستير
Name of granting institution
جامعة أم القرى، كلية الشريعة
Year degree granted
1396 هـ.
504 ## - BIBLIOGRAPHY, ETC. NOTE
Bibliography, etc. note
يشتمل على إرجاعات ببليوجرافية.
650 #7 - SUBJECT ADDED ENTRY--TOPICAL TERM
Topical term or geographic name entry element
الحكم (أصول فقه)
Source of heading or term
aucsh
650 #7 - SUBJECT ADDED ENTRY--TOPICAL TERM
Topical term or geographic name entry element
أصول الفقه الإسلامي
Source of heading or term
aucsh
700 ## - ADDED ENTRY--PERSONAL NAME
Personal name
أبو سليمان, عبد الوهاب إبراهيم.
Relator term
إشراف,
942 ## - ADDED ENTRY ELEMENTS (KOHA)
Source of classification or shelving scheme
Dewey Decimal Classification
Koha item type
رسالة علمية
Suppress in OPAC
No
949 ## - LOCAL PROCESSING INFORMATION (OCLC)
a
SA-JeALM
d
251208
u
mohamedma123
n
1
Holdings
Withdrawn status
Lost status
Source of classification or shelving scheme
Damaged status
Not for loan
Home library
Current library
Date acquired
Total checkouts
Full call number
Barcode
Date last seen
Price effective from
Koha item type
Dewey Decimal Classification
DR AbdElwahab Library
DR AbdElwahab Library
12/16/2025
ر 251.2 ج هـ ر
000021738
12/16/2025
12/16/2025
رسالة علمية
Place hold
Print
Add to your cart
(remove)
Save record
BIBTEX
Dublin Core
MARCXML
MARC (non-Unicode/MARC-8)
MARC (Unicode/UTF-8)
MARC (Unicode/UTF-8, Standard)
MODS (XML)
RIS
ISBD
More searches
Search for this title in:
Other Libraries (WorldCat)
Other Databases (Google Scholar)
Online Stores (Bookfinder.com)
Open Library (openlibrary.org)
Exporting to Dublin Core...
×
Simple DC-RDF
OAI-DC
SRW-DC